|
|
|
|
| LEADER |
00000cam a2200000 7i4500 |
| 001 |
0000007315 |
| 005 |
20071119.0 |
| 040 |
|
|
|a INS
|
| 090 |
0 |
0 |
|a THESIS 9
|
| 100 |
0 |
|
|a Faridah Bte Mohammed
|
| 245 |
1 |
0 |
|a Components of training design models :
|b the extent of practice by selected training institutions in Malaysia
|c Faridah Bte Mohammed
|
| 260 |
|
|
|a Serdang :
|b Universiti Pertanian Malaysia ,
|c 1995
|
| 300 |
|
|
|a 175p. ;
|c 30cm.
|
| 500 |
|
|
|a Digital document is available on-line; Please click the URL below
|
| 500 |
|
|
|a Project (M. Sc. in Human Resource Developement) -Universiti Pertanian Malaysia, Center for Extension and Continuing Education
|
| 650 |
0 |
0 |
|a Training
|
| 650 |
0 |
0 |
|a Training design
|
| 856 |
|
|
|u http://app.inspen.gov.my:7779/pls/portal/docs/PAGE/CORPORATEPAGES/PORTAL_INSPEN/THESIS_INSPEN/B.PDF
|
| 999 |
|
|
|a THE0000012
|b BOOK
|c Thesis
|e Default branch
|
| 999 |
|
|
|a THE0000042
|b BOOK
|c Thesis
|e Default branch
|
| 999 |
|
|
|a THE0000043
|b BOOK
|c Thesis
|e Default branch
|
| 999 |
|
|
|a THE0000044
|b BOOK
|c Thesis
|e Default branch
|